Detalles MARC
| 000 -LEADER |
| fixed length control field |
01083nam a2200289 a 4500 |
| 001 - CONTROL NUMBER |
| control field |
|
| 003 - CONTROL NUMBER IDENTIFIER |
| control field |
DO-SdBNP |
| 005 - DATE AND TIME OF LATEST TRANSACTION |
| control field |
20240828121000.0 |
| 008 - FIXED-LENGTH DATA ELEMENTS--GENERAL INFORMATION |
| fixed length control field |
091001s2014 mx a r 000 0 spa d |
| 020 ## - INTERNATIONAL STANDARD BOOK NUMBER |
| International Standard Book Number |
9786071622228 |
| 040 ## - CATALOGING SOURCE |
| Original cataloging agency |
DO-SdBNP |
| Language of cataloging |
spa |
| Transcribing agency |
BPMSU |
| 082 #4 - DEWEY DECIMAL CLASSIFICATION NUMBER |
| Classification number |
M860.4 |
| Item number |
C522a 2014 |
| Edition number |
22 |
| 100 1# - MAIN ENTRY--PERSONAL NAME |
| Personal name |
Cheron, Phippe |
| Dates associated with a name |
1950- |
| 245 13 - TITLE STATEMENT |
| Title |
El árbol de oro : |
| Remainder of title |
José Revueltas y el pesimismo ardiente / |
| Statement of responsibility, etc. |
Philippe Cheron. |
| 260 ## - PUBLICATION, DISTRIBUTION, ETC. (IMPRINT) |
| Place of publication, distribution, etc. |
México: |
| Name of publisher, distributor, etc. |
Fondo de Cultura Económica, |
| Date of publication, distribution, etc. |
2014 |
| 300 ## - PHYSICAL DESCRIPTION |
| Extent |
337 p. ; |
| Dimensions |
24 cm. |
| Other physical details |
|
| 490 0# - SERIES STATEMENT |
| Series statement |
Lenguas y estudios literarios |
| 500 ## - GENERAL NOTE |
| General note |
Incluye referencias bibliográficas y notas al pie de las páginas |
| 504 ## - BIBLIOGRAPHY, ETC. NOTE |
| Bibliography, etc |
Bibliografía : páginas 307-317 |
| 590 ## - LOCAL NOTE (RLIN) |
| Local note |
Inventariado, 2024/VM |
| 600 14 - SUBJECT ADDED ENTRY--PERSONAL NAME |
| Personal name |
Revueltas, José Agustín, |
| Dates associated with a name |
1914-1976 |
| General subdivision |
Crítica e interpretación. |
| 600 14 - SUBJECT ADDED ENTRY--PERSONAL NAME |
| Personal name |
Revueltas, José Agustín, |
| Dates associated with a name |
1914-1976 |
| General subdivision |
Pensamiento político y social. |
| 650 #4 - SUBJECT ADDED ENTRY--TOPICAL TERM |
| Topical term or geographic name as entry element |
Literatura mexicana |
| Chronological subdivision |
Siglo XX |
| 710 2# - ADDED ENTRY--CORPORATE NAME |
| Corporate name or jurisdiction name as entry element |
Fondo de Cultura Económica (México) |
| 910 ## - USER-OPTION DATA (OCLC) |
| User-option data |
VMateo V. Cotrol de calidad. BPMSU |
| 942 ## - ADDED ENTRY ELEMENTS (KOHA) |
| Source of classification or shelving scheme |
Dewey Decimal Classification |
| Koha item type |
Libros |